[Event "3rd Manaus Open 2024"]
[Site "Manaus"]
[Date "2024.10.14"]
[Round "4.9"]
[White "Carvalho, Felipe Lobo C."]
[Black "Do Valle Cardoso, Lucas"]
[Result "0-1"]
[WhiteElo "2062"]
[BlackElo "2375"]
[Annotator "RC"]
[PlyCount "60"]
[EventDate "2024.10.05"]
[EventType "swiss"]
[EventCountry "BRA"]
[SourceTitle "playchess.com"]
[Source "ChessBase"]
[SourceQuality "1"]
[TimeControl "5400+30"]

1. d4 {[%emt 0:03:51]} d5 {[%emt 0:00:10]} 2. Bf4 {[%emt 0:00:07]} c5 {[%emt 0:00:12]} 3. e3 {[%emt 0:00:02]} Nc6 {[%emt 0:00:10]} 4. Nf3 {[%emt 0:00:12]} Nf6 {[%emt 1:31:58]} 5. c3 {[%emt 0:02:10]} Qb6 {[%emt 0:00:00]} 6. Qb3 {[%emt 0:00:14]} c4 {[%emt 0:00:00]} 7. Qc2 {[%emt 0:00:04]} Bf5 {[%emt 0:00:00]} 8. Qc1 {[%emt 0:00:11]} e6 {[%emt 0:00:00]} 9. h3 {[%emt 0:01:15]} Be7 {[%emt 0:00:00]} 10. Nbd2 {[%emt 0:00:30]} O-O {[%emt 0:00:00]} 11. Be2 {[%emt 0:00:31]} Rfc8 {[%emt 0:00:00]} 12. O-O {[%emt 0:01:55]} Qd8 {[%emt 0:00:00]} 13. Nh4 {[%emt 0:04:21]} Be4 {[%emt 0:00:00]} 14. Nhf3 {[%emt 0:02:45]} Bg6 {[%emt 0:00:00]} 15. Nh4 {[%emt 0:01:58]} Bh5 {[%emt 0:00:00]} 16. g4 {[%emt 0:00:55]} Bg6 {[%emt 0:00:00]} 17. Nxg6 {[%emt 0:01:23]} hxg6 18. Qc2 {[%emt 0:10:17]} b5 {[%emt 0:00:00]} 19. e4 {[%emt 0:06:51]} dxe4 {[%emt 0:00:00]} 20. Nxe4 {[%emt 0:00:21]} Nd5 {[%emt 0:00:00]} 21. Qd2 {[%emt 0:09:13]} f5 {[%emt 0:00:00]} 22. Nc5 {[%emt 0:05:27]} e5 {[%emt 0:00:00]} 23. Bh2 {[%emt 0:02:10]} Bg5 {[%emt 0:00:00]} 24. Qd1 {[%emt 0:03:53]} e4 {[%emt 0:00:00]} 25. gxf5 {[%emt 0:04:04]} gxf5 {[%emt 0:00:00]} 26. Ne6 {[%emt 0:00:24]} Qf6 {[%emt 0:00:00]} 27. Nxg5 {[%emt 0:00:03]} Qxg5+ {[%emt 0:00:00]} 28. Kh1 {[%emt 0:00:04]} Qh4 {[%emt 0:00:00]} 29. Rg1 {[%emt 0:01:42]} Qxf2 {[%emt 0:00:00]} 30. Rg2 {[%emt 0:01:45]} Qxg2+ {[%emt 0:13:00]} 0-1

[Event "3rd Manaus Open 2024"]
[Site "Manaus"]
[Date "2024.10.14"]
[Round "4.10"]
[White "Pinero Rodriguez, Carlos Jose"]
[Black "McDonald, Ian"]
[Result "0-1"]
[WhiteElo "2305"]
[BlackElo "1923"]
[Annotator "RC"]
[PlyCount "72"]
[EventDate "2024.10.05"]
[EventType "swiss"]
[EventCountry "BRA"]
[SourceTitle "playchess.com"]
[Source "ChessBase"]
[SourceQuality "1"]
[TimeControl "5400+30"]

1. d4 {[%emt 0:00:32]} d5 {[%emt 0:01:46]} 2. c4 {[%emt 0:00:07]} c6 {[%emt 0:00:01]} 3. Nf3 {[%emt 0:01:56]} Nf6 {[%emt 0:00:26]} 4. Nc3 {[%emt 0:01:45]} Ne4 {[%emt 0:00:29]} 5. cxd5 {[%emt 0:05:04]} cxd5 {[%emt 0:14:05]} 6. Qa4+ {[%emt 0:02:44]} Nc6 {[%emt 0:08:41]} 7. Ne5 {[%emt 0:05:21]} Nxc3 {[%emt 0:03:18]} 8. bxc3 {[%emt 0:00:07]} Qa5 {[%emt 0:00:02]} 9. Qxa5 {[%emt 0:00:25]} Nxa5 {[%emt 0:00:02]} 10. e4 {[%emt 0:00:12]} e6 {[%emt 0:14:13]} 11. Bb5+ {[%emt 0:01:34]} Nc6 {[%emt 0:00:17]} 12. exd5 {[%emt 0:04:28]} exd5 {[%emt 0:00:01]} 13. O-O {[%emt 0:02:11]} a6 {[%emt 0:03:42]} 14. Ba4 {[%emt 0:00:42]} b5 {[%emt 0:03:31]} 15. Bb3 {[%emt 0:01:34]} Ne7 {[%emt 0:00:19]} 16. Re1 {[%emt 0:02:06]} Be6 {[%emt 0:17:35]} 17. a4 {[%emt 0:00:33]} b4 {[%emt 0:01:30]} 18. cxb4 {[%emt 0:00:07]} Nf5 {[%emt 0:00:02]} 19. Nc6 {[%emt 0:01:26]} Kd7 {[%emt 0:00:54]} 20. Ne5+ {[%emt 0:00:31]} Kc7 {[%emt 0:00:41]} 21. Bf4 {[%emt 0:00:14]} Kb7 {[%emt 0:00:03]} 22. Rec1 {[%emt 0:11:41]} Nxd4 {[%emt 0:08:25]} 23. Bd1 {[%emt 0:00:37]} Bd6 {[%emt 0:00:21]} 24. Nd3 {[%emt 0:02:44]} Bxf4 {[%emt 0:00:02]} 25. Nxf4 {[%emt 0:00:01]} Rac8 {[%emt 0:00:28]} 26. Nd3 {[%emt 0:00:34]} Rc4 {[%emt 0:00:01]} 27. Nc5+ {[%emt 0:02:21]} Ka7 {[%emt 0:01:22]} 28. Rxc4 {[%emt 0:15:06]} dxc4 {[%emt 0:00:02]} 29. Rc1 {[%emt 0:00:32]} Rc8 {[%emt 0:01:09]} 30. Rc3 {[%emt 0:06:43]} a5 {[%emt 0:00:22]} 31. Nxe6 {[%emt 0:00:56]} fxe6 {[%emt 0:00:41]} 32. b5 {[%emt 0:07:24]} Kb6 {[%emt 0:00:01]} 33. Kf1 {[%emt 0:00:39]} Kc5 {[%emt 0:00:09]} 34. Rc1 {[%emt 0:01:34]} Kb4 {[%emt 0:02:10]} 35. b6 {[%emt 0:01:41]} Rb8 {[%emt 0:02:39]} 36. Rb1+ {[%emt 0:00:41]} Nb3 {[%emt 0:00:02]} 0-1

[Event "3rd Manaus Open 2024"]
[Site "Manaus"]
[Date "2024.10.12"]
[Round "5"]
[White "Piccoli, Lucas Fonseca"]
[Black "Silverio, Vitor Luis De Jesus"]
[Result "1-0"]
[WhiteElo "2266"]
[BlackElo "2016"]
[Annotator "RC"]
[PlyCount "151"]
[EventDate "2024.10.05"]
[EventType "swiss"]
[EventCountry "BRA"]
[SourceTitle "playchess.com"]
[Source "ChessBase"]
[SourceQuality "1"]

1. e4 c5 2. Nf3 d6 3. d4 cxd4 4. Nxd4 Nf6 5. Nc3 a6 6. Be2 e5 7. Nb3 Be6 8. Be3 Be7 9. O-O Nbd7 10. a4 O-O 11. Qd2 Rc8 12. a5 Qc7 13. Rfc1 Rfe8 14. Ra4 Qc6 15. Rb4 Bd8 16. Bf3 Nc5 17. Nxc5 dxc5 18. Ra4 Be7 19. Bg5 Rcd8 20. Qe1 h6 21. Bxf6 Bxf6 22. b3 Bg5 23. Rd1 c4 24. Nd5 cxb3 25. cxb3 Bxd5 26. exd5 Qb5 27. Qb4 Be7 28. Qxb5 axb5 29. Raa1 Bd6 30. a6 bxa6 31. Rxa6 Re7 32. Rc1 Rc7 33. Rac6 Rxc6 34. dxc6 Kf8 35. Ra1 Rc8 36. g4 Ke7 37. Ra7+ Rc7 38. Ra8 b4 39. h4 Bc5 40. Rg8 Kf6 41. Bd5 Re7 42. Kg2 Rc7 43. Re8 Be7 44. Kf3 Bc5 45. Rg8 Ra7 46. Rb8 Rc7 47. Rb5 Bd6 48. Ra5 Rc8 49. Ke4 Rc7 50. Ra8 Bc5 51. f3 Bf2 52. Rb8 Bc5 53. Re8 Bd6 54. Kd3 Re7 55. Rd8 Bc7 56. Rc8 Bd6 57. Ra8 Kg6 58. Be4+ Kf6 59. Kc4 Ke6 60. Bf5+ Kf6 61. Kd5 Bc7 62. Be4 Re6 63. Rc8 Re7 64. Kc5 g6 65. Kxb4 Ke6 66. Kc5 Bd6+ 67. Kb6 f5 68. Bd3 e4 69. gxf5+ gxf5 70. fxe4 f4 71. c7 Ke5 72. Kc6 f3 73. b4 f2 74. b5 Rf7 75. b6 Kd4 76. Bf1 1-0

[Event "3rd Manaus Open 2024"]
[Site "Manaus"]
[Date "2024.10.12"]
[Round "5"]
[White "Ribeiro, Matheus Mendes Domin"]
[Black "Cordero, Daniela"]
[Result "1-0"]
[WhiteElo "2250"]
[BlackElo "2004"]
[Annotator "RC"]
[PlyCount "83"]
[EventDate "2024.10.05"]
[EventType "swiss"]
[EventCountry "BRA"]
[SourceTitle "playchess.com"]
[Source "ChessBase"]
[SourceQuality "1"]

1. c4 e5 2. g3 Nf6 3. Bg2 c6 4. Nf3 e4 5. Nd4 d5 6. cxd5 Qxd5 7. Nc2 Bc5 8. d4 Bb6 9. Nc3 Qe6 10. Bg5 Nbd7 11. O-O h6 12. Bxf6 Nxf6 13. e3 h5 14. d5 Qe5 15. dxc6 bxc6 16. Na4 Ba6 17. Nxb6 axb6 18. Re1 c5 19. Na3 Bd3 20. Qb3 O-O 21. Rac1 Nd5 22. Red1 Rad8 23. Nc4 Qe6 24. h4 Nb4 25. Na3 Qf5 26. Bf1 Rd6 27. Nc4 Rf6 28. Rd2 b5 29. Na5 Rc8 30. a3 Bxf1 31. Rxf1 Nd3 32. Qxb5 Ne5 33. Kg2 Qf3+ 34. Kg1 Rg6 35. Nc4 Ng4 36. Qd7 Rcc6 37. Rd5 Nxe3 38. Qe8+ Kh7 39. Nxe3 Rxg3+ 40. fxg3 Qxe3+ 41. Kg2 Rh6 42. Qxf7 1-0

[Event "3rd Manaus Open 2024"]
[Site "Manaus"]
[Date "2024.10.12"]
[Round "5"]
[White "Gauche, Charles"]
[Black "Andrade, Artur Diego De Souza"]
[Result "1-0"]
[WhiteElo "2168"]
[BlackElo "1836"]
[Annotator "RC"]
[PlyCount "120"]
[EventDate "2024.10.05"]
[EventType "swiss"]
[EventCountry "BRA"]
[SourceTitle "playchess.com"]
[Source "ChessBase"]
[SourceQuality "1"]

1. c4 e6 2. d4 d5 3. Nc3 Nf6 4. Bg5 Be7 5. e3 b6 6. Nf3 O-O 7. Rc1 Bb7 8. cxd5 Nxd5 9. Bxe7 Qxe7 10. Bd3 Na6 11. Nxd5 exd5 12. a3 c5 13. Qc2 h6 14. O-O c4 15. Bh7+ Kh8 16. Ne5 Nb8 17. Bf5 Nc6 18. Nxc6 Bxc6 19. Rce1 g6 20. Bg4 f5 21. Bf3 b5 22. Ra1 a5 23. b3 Qd6 24. Rfc1 Rac8 25. a4 b4 26. bxc4 dxc4 27. Qxc4 Bxf3 28. Qxc8 Rxc8 29. Rxc8+ Kg7 30. gxf3 f4 31. Rac1 h5 32. R1c6 Qd5 33. R6c7+ Kf6 34. h4 Qxf3 35. Rf8+ Ke6 36. Rxf4 Qd1+ 37. Kg2 Qxa4 38. e4 b3 39. e5 b2 40. d5+ Kxe5 41. Rxa4 b1=Q 42. Rc5 Qd1 43. Rcxa5 Qc2 44. Rb4 Qd2 45. Rab5 Qc2 46. Ra5 Qd2 47. d6+ Kxd6 48. Rb6+ Kc7 49. Raa6 Qd5+ 50. Kg1 Qd1+ 51. Kh2 Qf3 52. Rf6 Qe2 53. Rae6 Qf1 54. Rf7+ Kd8 55. Rxg6 Ke8 56. Rf5 Qd3 57. Rgg5 Qd6+ 58. Re5+ Kf7 59. Rxh5 Kg6 60. Rhg5+ Kf6 1-0

[Event "3rd Manaus Open 2024"]
[Site "Manaus"]
[Date "2024.10.12"]
[Round "5"]
[White "Lira, Suan Bruno Fernandes"]
[Black "Filgueiras, Nathan Felipe"]
[Result "0-1"]
[WhiteElo "2037"]
[BlackElo "2343"]
[Annotator "RC"]
[PlyCount "42"]
[EventDate "2024.10.05"]
[EventType "swiss"]
[EventCountry "BRA"]
[SourceTitle "playchess.com"]
[Source "ChessBase"]
[SourceQuality "1"]

1. d4 Nf6 2. c4 e6 3. Nf3 d5 4. Nc3 Nbd7 5. Bg5 h6 6. Bh4 Be7 7. e3 O-O 8. Be2 dxc4 9. Bxc4 a6 10. O-O b5 11. Bd3 Bb7 12. Rc1 Rc8 13. Bb1 c5 14. a3 Qb6 15. dxc5 Nxc5 16. b4 Ncd7 17. Qd4 Bxf3 18. Qxb6 Nxb6 19. gxf3 Nc4 20. a4 Nd2 21. Bxf6 Bxf6 0-1

[Event "3rd Manaus Open 2024"]
[Site "Manaus"]
[Date "2024.10.12"]
[Round "5"]
[White "Acosta, Pablo Alejandro"]
[Black "Casalaspro, Mathias Andre"]
[Result "1-0"]
[WhiteElo "2032"]
[BlackElo "2187"]
[Annotator "RC"]
[PlyCount "50"]
[EventDate "2024.10.05"]
[EventType "swiss"]
[EventCountry "BRA"]
[SourceTitle "playchess.com"]
[Source "ChessBase"]
[SourceQuality "1"]

1. e4 c5 2. Nf3 a6 3. c3 e6 4. d4 d5 5. e5 Bd7 6. Be2 cxd4 7. cxd4 Bb5 8. Bxb5+ axb5 9. O-O b4 10. Qd3 Nc6 11. Nbd2 Nge7 12. Nb3 Nf5 13. Bd2 Qb6 14. g4 Nfe7 15. a3 bxa3 16. bxa3 Nc8 17. Rfb1 Qa6 18. Qc2 Qe2 19. Kg2 Nb6 20. Ra2 Nc4 21. Re1 Ne3+ 22. Bxe3 Qxc2 23. Rxc2 Rxa3 24. Rb1 Nb8 25. Ra1 Ra8 1-0

[Event "3rd Manaus Open 2024"]
[Site "Manaus"]
[Date "2024.10.12"]
[Round "5"]
[White "De Pontes e Souza, Jose Geraldo"]
[Black "Pinero Rodriguez, Carlos Jose"]
[Result "0-1"]
[WhiteElo "1837"]
[BlackElo "2305"]
[Annotator "RC"]
[PlyCount "88"]
[EventDate "2024.10.05"]
[EventType "swiss"]
[EventCountry "BRA"]
[SourceTitle "playchess.com"]
[Source "ChessBase"]
[SourceQuality "1"]
[TimeControl "5400+30"]

1. e4 c5 2. Nf3 e6 3. d4 cxd4 4. Nxd4 a6 5. a3 Qc7 6. Nc3 Nf6 7. Bd3 b5 8. O-O h5 9. h3 Bb7 10. Qe2 d6 11. f4 Nbd7 12. Nf3 h4 13. Kh1 Nh5 14. Qf2 Ng3+ 15. Kg1 Nxf1 16. Kxf1 Be7 17. Be3 Rc8 18. Re1 Nc5 19. f5 e5 20. Bg5 Bxg5 21. Nxg5 Nxd3 22. cxd3 Qc5 23. Re3 Rh5 24. Nf3 a5 25. Re2 Qb4 26. axb4 axb4 27. Nd1 Ba6 28. Rd2 f6 29. Ne3 b3 30. Ne1 Rc2 31. Nd5 Rc1 32. Nc3 Ke7 33. Ke2 Bb7 34. Nf3 Rh8 35. d4 Rxc3 36. bxc3 Bxe4 37. dxe5 dxe5 38. Rb2 Bxf3+ 39. Ke1 Rc8 40. Qxf3 Rb8 41. Qe3 Kd6 42. Qd3+ Kc5 43. Rb1 Rd8 44. Qe3+ Kc4 0-1

[Event "3rd Manaus Open 2024"]
[Site "Manaus"]
[Date "2024.10.14"]
[Round "5.1"]
[White "Molina, Roberto Junio Brito"]
[Black "Leitao, Rafael"]
[Result "1/2-1/2"]
[WhiteElo "2381"]
[BlackElo "2592"]
[Annotator "TA"]
[PlyCount "103"]
[EventDate "2024.10.05"]
[EventType "swiss"]
[EventCountry "BRA"]
[SourceTitle "playchess.com"]
[Source "ChessBase"]
[SourceQuality "1"]
[TimeControl "5400+30"]

{[%evp 20,103,34,36,43,25,27,23,28,22,31,15,25,22,29,13,28,9,19,27,22,14,25,14,20,14,20,16,12,8,14,4,13,11,11,13,13,7,11,15,8,8,16,2,8,5,10,16,11,10,14,8,8,0,0,0,0,0,0,0,0,0,0,0,0,0,0,0,0,0,0,0,0,0,0,0,0,-8,-8,-8,-8,-8,-8,-8,-8,-8]} 1. d4 {[%emt 0:18:14]} Nf6 {[%emt 0:00:13]} 2. c4 {[%emt 0:00:06]} e6 {[%emt 0:00:17]} 3. Nf3 {[%emt 0:00:05]} b6 {[%emt 0:01:22]} 4. g3 {[%emt 0:00:11]} Ba6 {[%emt 0:00:16]} 5. Nbd2 {[%emt 0:00:41]} Bb7 {[%emt 0:07:51]} 6. Bg2 {[%emt 0:00:33]} Be7 {[%emt 0:00:15]} 7. O-O {[%emt 0:00:20][%cal Be1g1,Bg1g2,Bg2f3,Bf3e2][%mdl 32]} O-O {[%emt 0:01:15]} 8. b3 {[%emt 0:03:39]} c5 {[%emt 0:01:47]} 9. Bb2 {[%emt 0:00:55]} cxd4 {[%emt 0:05:56]} 10. Nxd4 {[%emt 0:10:36]} Bxg2 {[%emt 0:00:56]} 11. Kxg2 {[%emt 0:00:01]} d5 {[%emt 0:08:01]} 12. e3 {[%emt 0:01:01]} dxc4 {[%emt 0:21:44]} 13. Nxc4 {[%emt 0:02:03]} Qd5+ {[%emt 0:00:26] White has an edge.} 14. Qf3 {[%emt 0:00:17]} Rc8 {[%emt 0:00:56]} (14... Qxf3+ {simplifies} 15. Kxf3 Rc8 16. Rfd1 Nbd7) 15. Rfd1 {[%emt 0:02:37]} Qxf3+ {[%emt 0:05:50]} 16. Kxf3 {[%emt 0:01:41]} Nbd7 {[%emt 0:01:41]} 17. Rac1 {[%emt 0:11:09]} a6 {[%emt 0:00:40]} 18. Ke2 {[%emt 0:00:50]} Ra7 {[%emt 0:05:59]} 19. f3 {[%emt 0:13:02]} Rac7 {[%emt 0:01:21]} 20. e4 {[%emt 0:00:17]} Kf8 {[%emt 0:02:08]} 21. Ne3 {[%emt 0:07:06]} Rxc1 {[%emt 0:01:59] The position is equal.} 22. Rxc1 {[%emt 0:00:49]} Rxc1 {[%emt 0:00:06]} 23. Bxc1 {[%emt 0:00:01]} Nb8 {[%emt 0:04:46]} 24. Nc4 {[%emt 0:06:02][%cal Oc1f4]} Nfd7 {[%emt 0:01:18]} 25. Be3 {[%emt 0:01:03]} Bc5 {[%emt 0:01:52]} 26. f4 {[%emt 0:05:30]} Ke7 {[%emt 0:03:26]} 27. e5 {[%emt 0:01:27]} f6 {[%emt 0:05:51]} 28. exf6+ {[%emt 0:02:05]} Nxf6 {[%emt 0:06:25]} 29. Nc2 {[%emt 0:04:24]} Bxe3 {[%emt 0:00:37]} 30. N2xe3 $11 {[%emt 0:00:11][%mdl 4096] Endgame. KNN-KNN} Nfd7 {[%emt 0:02:57]} 31. Nd2 {[%emt 0:04:37]} Nc6 {[%emt 0:00:42]} 32. Ne4 {[%emt 0:00:18]} Nf6 {[%emt 0:01:53]} 33. Nxf6 {[%emt 0:01:41]} gxf6 {[%emt 0:00:10] KN-KN} 34. g4 {[%emt 0:01:14]} b5 {[%emt 0:00:33]} 35. Nc2 {[%emt 0:01:18]} Kd6 {[%emt 0:02:38]} 36. Kd3 {[%emt 0:00:28]} f5 {[%emt 0:01:31]} 37. g5 {[%emt 0:00:15]} e5 {[%emt 0:00:28]} 38. Ke3 {[%emt 0:01:20]} Ke6 {[%emt 0:01:12]} 39. h4 {[%emt 0:00:55]} Ne7 {[%emt 0:00:54] ...Nd5+ would now be deadly.} 40. fxe5 {[%emt 0:00:29]} Kxe5 {[%emt 0:00:17]} 41. Nb4 {[%emt 0:00:20]} f4+ {[%emt 0:00:43]} 42. Kf3 {[%emt 0:00:29]} Kf5 {[%emt 0:00:13]} 43. Nxa6 {[%emt 0:00:36]} Nc6 {[%emt 0:00:17]} 44. Nc7 {[%emt 0:00:36]} Nd4+ {[%emt 0:01:07]} 45. Kf2 {[%emt 0:00:02]} Kg4 {[%emt 0:00:20]} 46. Nd5 {[%emt 0:01:04]} Kxh4 {[%emt 0:00:43]} 47. Nxf4 {[%emt 0:00:26]} Kxg5 {[%emt 0:00:06]} 48. Ke3 {[%emt 0:00:44]} Nc2+ {[%emt 0:00:56]} 49. Kf3 {[%emt 0:00:25]} b4 {[%emt 0:01:14]} 50. Nd3 {[%emt 0:00:28]} h5 {[%emt 0:00:30]} 51. Kg3 {[%emt 0:00:12]} Kf5 {[%emt 0:00:33]} 52. Kh4 {[%emt 0:01:37] Weighted Error Value: White=0.05 (flawless) /Black=0.02 (flawless) .  OK:         	White=16    	Black=24     Best:        	White=1     	Black=1} 1/2-1/2

[Event "3rd Manaus Open 2024"]
[Site "Manaus"]
[Date "2024.10.14"]
[Round "5.2"]
[White "Santiago, Yago De Moura"]
[Black "Perdomo, Leandro"]
[Result "1/2-1/2"]
[WhiteElo "2460"]
[BlackElo "2356"]
[Annotator "TA"]
[PlyCount "55"]
[EventDate "2024.10.05"]
[EventType "swiss"]
[EventCountry "BRA"]
[SourceTitle "playchess.com"]
[Source "ChessBase"]
[SourceQuality "1"]
[TimeControl "5400+30"]

{[%evp 15,55,58,56,80,76,70,69,36,52,53,91,101,61,41,78,64,64,29,37,0,0,0,26,11,34,-194,-151,-148,-106,-106,-100,-102,-87,-106,-70,-116,0,-13,0,0,0,-326]} 1. d4 {[%emt 0:00:05] Mikhalevski,Victor} Nf6 {[%emt 0:00:01]} 2. c4 {[%emt 0:00:08]} g6 {[%emt 0:00:02]} 3. Nc3 {[%emt 0:00:08]} Bg7 {[%emt 0:00:02]} 4. e4 {[%emt 0:00:08]} d6 {[%emt 0:00:02]} 5. Nf3 {[%emt 0:00:08]} O-O {[%emt 0:00:03]} 6. Be2 {[%emt 0:00:06]} e5 {[%emt 0:00:02]} 7. d5 {[%emt 0:00:07]} Nbd7 {[%emt 1:33:48]} 8. Qc2 {[%emt 0:01:51]} a5 {[%emt 0:00:00]} 9. h3 {[%emt 0:00:20] E93: Konings-Indisch: Klassiek: Petrosian Systeem met 7...Pbd7.} Nh5 {[%emt 0:01:00]} 10. g3 {[%emt 0:02:31] Tegen Nf4. Wit is actiever. OK} Nc5 {[%emt 0:00:00] OK} 11. Be3 {[%emt 0:20:08] OK. Wit staat iets beter.} f5 {[%emt 0:00:00] OK} 12. Nd2 {[%emt 0:10:38] OK} Nf6 {[%emt 0:00:00] Onnauwkeurig} 13. O-O-O $1 {[%emt 0:10:20] Sterk} b6 {[%emt 0:00:00]} 14. h4 $146 {[%emt 0:03:03]} ({Predecessor:} 14. Rdg1 f4 15. Bxc5 bxc5 16. g4 Bd7 17. g5 Nh5 18. Bg4 f3 19. Bxf3 Nf4 20. Bg4 Bxg4 21. Rxg4 {1-0 Vallejo Pons,F (2681)-Radjabov,T (2682) ESP-chT Honor Gp2 49th 2005 (1)}) 14... h5 {[%emt 0:00:00] Onnauwkeurig} 15. f3 {[%emt 0:10:51] OK} Qe8 {[%emt 0:00:00]} 16. Bxc5 {[%emt 0:10:30] Onnauwkeurig} bxc5 {[%emt 0:00:00]} 17. Bd3 {[%emt 0:00:16] Onnauwkeurig} Bh6 {[%emt 0:00:00]} 18. exf5 {[%emt 0:00:51]} Bxf5 {[%emt 0:00:00] Onnauwkeurig} 19. Kb1 {[%emt 0:04:15] OK} ({Veel zwakker is} 19. Bxf5 gxf5 20. Kb1 (20. Qxf5 Ng4 $17) 20... Qg6 $15) 19... Rb8 {[%emt 0:00:00][%cal Oe5e4] [#] OK} (19... Bxd2 $5 {vereenvoudigt} 20. Rxd2 Qd7 21. a4 Kg7) 20. g4 $2 {[%emt 0:05:42] Verliest partij (2.3)} Bxd3 {[%emt 0:01:10]} 21. Qxd3 {[%emt 0:00:02] g5 is de sterke dreiging.} e4 {[%emt 0:00:04]} 22. Ndxe4 {[%emt 0:14:15] OK} (22. Ncxe4 Nxe4 23. Qxe4 (23. Nxe4 hxg4 24. Rhe1 Qd7 $11) 23... Qxe4+ 24. Nxe4 Rxf3 $19 (24... Bg7 $2 25. Rd2 $19)) 22... Nxe4 {[%emt 0:00:02]} 23. Qxe4 {[%emt 0:00:10]} Qxe4+ {[%emt 0:00:06]} 24. Nxe4 {[%emt 0:00:02]} Bg7 {[%emt 0:01:07][%cal Rb8b2] Onnauwkeurig} {Wit zou moeten proberen} 25. b3 {[%emt 0:00:50] [#] Fout (0.5)} (25. Rd2 $1 $15) {Zwart zou moeten spelen} 25... hxg4 {[%emt 0:05:31] Fout (1.0)} ({Neem niet} 25... Rxf3 26. gxh5 a4 27. Rhf1 Rxf1 28. Rxf1 $11) (25... a4 $1 $17 {[%cal Ra4b3]} 26. Nd2 axb3 27. axb3 hxg4 28. fxg4 Ra8) 26. fxg4 $11 {[%emt 0:06:05] De stelling is in evenwicht.} Rf4 {[%csl LRe4,LRg4]} 27. Rde1 {[%emt 0:00:30] OK} a4 {[%cal Ra4b3] OK} 28. Nd2 $2 {[%emt 0:00:30][%mdl 40960] Wit staat stabiel.   Blunder waarde: Wit=0.28 (precies) /Zwart=0.22 (precies) . Verliest partij (3.3).  Verliest partij:   	Wit=2      	---        Fout:        	Wit=1      	Zwart=1      Onnauwkeurig:    	Wit=2      	Zwart=4      OK:         	Wit=7      	Zwart=4      Sterk:        	Wit=1      	---       . Een verassend resultaat.} (28. Kc2 $1 $11) 1/2-1/2

[Event "3rd Manaus Open 2024"]
[Site "Manaus"]
[Date "2024.10.14"]
[Round "5.3"]
[White "Do Valle Cardoso, Lucas"]
[Black "Di Berardino, Diego Rafael"]
[Result "1/2-1/2"]
[WhiteElo "2375"]
[BlackElo "2479"]
[Annotator "RC"]
[PlyCount "54"]
[EventDate "2024.10.05"]
[EventType "swiss"]
[EventCountry "BRA"]
[SourceTitle "playchess.com"]
[Source "ChessBase"]
[SourceQuality "1"]
[TimeControl "5400+30"]

1. e4 {[%emt 0:02:45]} e6 {[%emt 0:00:17]} 2. d4 {[%emt 0:00:43]} d5 {[%emt 0:00:05]} 3. e5 {[%emt 0:00:11]} c5 {[%emt 0:00:11]} 4. c3 {[%emt 0:00:06]} Nc6 {[%emt 1:31:57]} 5. Nf3 {[%emt 0:00:12]} Bd7 {[%emt 0:00:00]} 6. dxc5 {[%emt 1:29:33]} Bxc5 {[%emt 0:00:00]} 7. b4 {[%emt 0:00:00]} Bb6 {[%emt 0:00:00]} 8. b5 {[%emt 0:00:00]} Na5 {[%emt 0:00:00]} 9. Bd3 {[%emt 0:00:00]} Qc7 {[%emt 0:00:00]} 10. Qe2 {[%emt 0:00:00]} Ne7 {[%emt 0:00:00]} 11. O-O {[%emt 0:00:00]} Ng6 {[%emt 0:00:00]} 12. Re1 {[%emt 0:00:00]} Nc4 {[%emt 0:00:00]} 13. Bxc4 {[%emt 0:00:00]} Qxc4 {[%emt 0:00:00]} 14. Qxc4 {[%emt 0:00:00]} dxc4 {[%emt 0:00:00]} 15. a4 {[%emt 0:00:00]} a6 {[%emt 0:00:00]} 16. bxa6 {[%emt 0:00:00]} Rxa6 {[%emt 0:00:00]} 17. Nbd2 {[%emt 0:00:00]} Bxa4 {[%emt 0:00:00]} 18. Nxc4 {[%emt 0:00:00]} Bc5 {[%emt 0:00:00]} 19. Ba3 {[%emt 0:00:00]} Bxa3 {[%emt 0:00:00]} 20. Rxa3 {[%emt 0:00:00]} O-O {[%emt 0:00:00]} 21. Nd6 {[%emt 0:00:00]} b5 {[%emt 0:00:00]} 22. Nd4 {[%emt 0:00:00]} Nxe5 {[%emt 0:00:00]} 23. N6xb5 {[%emt 0:00:00]} Nc4 {[%emt 0:00:00]} 24. Raa1 {[%emt 0:00:00]} e5 {[%emt 0:07:27]} 25. Nc7 {[%emt 0:09:30]} Ra5 26. Nf5 {[%emt 0:00:30]} Rd8 27. Nd5 {[%emt 0:00:30]} f6 {[%emt 0:04:03]} 1/2-1/2